| 000 | 00651cam a22002291 4500 | ||
|---|---|---|---|
| 001 | sa 68007725 | ||
| 003 | DLC | ||
| 005 | 20260227112525.0 | ||
| 008 | 890815s1963 ii a 000 1 hino | ||
| 010 | _asa 68007725 | ||
| 035 | _a(OCoLC)20178963 | ||
| 040 |
_aDLC _cWaU _dDLC |
||
| 041 | 1 |
_ahin _htel |
|
| 050 | 0 | 0 |
_aPL4784.H5 _bD3 |
| 110 | 2 | _aDakshiṇa Bhārata Hindī Pracāra Sabhā. | |
| 245 | 1 | 0 | _aTelugu kī pratinidhi kahāniyām̐. |
| 260 | _c[1963] | ||
| 300 |
_a8, 163 p. _billus. _c19 cm. |
||
| 490 | 0 |
_aDakshiṇa Bhāratīya sāhitya-mālā, _v1 |
|
| 500 | _aIn Hindi. | ||
| 650 | 0 |
_aShort stories, Telugu _xTranslations into Hindi. |
|
| 999 |
_c82005 _d82005 |
||